[Event "Titled Tuesday intern op 23rd Apr Late"]
[Site "Chess.com INT"]
[Date "2024.04.23"]
[Round "4"]
[White "McLaren, Brian"]
[Black "Hamley, Ryan"]
[Result "0-1"]
[WhiteElo "2001"]
[BlackElo "2089"]
[PlyCount "68"]
[EventDate "2024.04.23"]
[EventType "swiss (blitz)"]
[EventRounds "11"]
[EventCountry "USA"]
[SourceTitle "CB18_2024"]
[SourceDate "2024.05.01"]
[SourceVersion "1"]
[SourceVersionDate "2024.05.01"]
[SourceQuality "2"]

1. e4 c5 2. Nc3 d6 3. g3 Nc6 4. Bg2 g6 5. Nge2 Bg7 6. 0-0 Rb8 7. d3 b5 8. a3 a5 9. a4 b4 10. Nb5 Nf6 11. h3 0-0 12. c4 bxc3 13. bxc3 e5 14. Be3 Ba6 15. Rb1 Qd7 16. g4 Ne8 17. Ng3 Nc7 18. c4 Ne6 19. Ne2 Kh8 20. f3 f5 21. Bf2 Bh6 22. Nec3 Nf4 23. Kh2 Nd4 24. Bg3 Nc6 25. Kh1 Nb4 26. Bxf4 Bxf4 27. Nd5 Nxd5 28. exd5 Qe7 29. Qe1 fxg4 30. fxg4 Bc8 31. Qxa5 Bxg4 32. Qe1 Rbe8 33. hxg4 Qg5 34. Bf3 Qh6+ 0-1

[Event "Titled Tuesday intern op 12th Mar Late"]
[Site "Chess.com INT"]
[Date "2024.03.12"]
[Round "9"]
[White "McLaren, Brian"]
[Black "Golubenko, Valentina"]
[Result "1-0"]
[WhiteElo "2001"]
[BlackElo "2209"]
[PlyCount "105"]
[EventDate "2024.03.12"]
[EventType "swiss (blitz)"]
[EventRounds "11"]
[EventCountry "USA"]
[SourceTitle "CB12_2024"]
[SourceDate "2023.10.01"]
[SourceVersion "1"]
[SourceVersionDate "2023.10.01"]
[SourceQuality "1"]

1. e4 e6 2. d4 d5 3. Nc3 Bb4 4. a3 Bxc3+ 5. bxc3 dxe4 6. Qg4 Kf8 7. Qxe4 Nf6 8. Qf3 Nc6 9. Be3 Qd5 10. Be2 Qxf3 11. Nxf3 Nd5 12. Bd2 h6 13. c4 Nf6 14. Bd3 Bd7 15. 0-0 g5 16. Rfe1 g4 17. Ne5 Nxd4 18. Bc3 c5 19. Rab1 b6 20. Kf1 Ba4 21. Rb2 Ke7 22. Re3 Rad8 23. h3 h5 24. Kg1 Rhg8 25. Kh2 Nd7 26. Bxd4 cxd4 27. Re4 Nxe5 28. Rxe5 gxh3 29. Kxh3 Bc6 30. g3 Bf3 31. c5 bxc5 32. Rxc5 Rd7 33. Re5 h4 34. Be2 Bd5 35. gxh4 Rg2 36. Bb5 Rd8 37. Rxd5 Rxf2 38. Rxd8 Kxd8 39. Bd3 Ke7 40. Rb7+ Kd6 41. Rxa7 f5 42. Kg3 Rd2 43. Ra6+ Kd5 44. Ra5+ Kd6 45. a4 e5 46. Bxf5 Re2 47. h5 Re3+ 48. Kf2 e4 49. h6 Rf3+ 50. Kg2 Rc3 51. Bxe4 Rc7 52. h7 Rg7+ 53. Kf2 1-0

[Event "Titled Tuesday intern op 12th Mar Late"]
[Site "Chess.com INT"]
[Date "2024.03.12"]
[Round "4"]
[White "McLaren, Brian"]
[Black "Jiang, Brandon"]
[Result "1-0"]
[WhiteElo "2001"]
[BlackElo "2032"]
[PlyCount "127"]
[EventDate "2024.03.12"]
[EventType "swiss (blitz)"]
[EventRounds "11"]
[EventCountry "USA"]
[SourceTitle "CB12_2024"]
[SourceDate "2023.10.01"]
[SourceVersion "1"]
[SourceVersionDate "2023.10.01"]
[SourceQuality "1"]

1. e4 e5 2. Bc4 Nc6 3. Nf3 Bc5 4. 0-0 Nf6 5. d3 d6 6. c3 Bb6 7. Re1 h6 8. h3 g5 9. Qb3 Qe7 10. Be3 g4 11. hxg4 Bxg4 12. Nh2 h5 13. Nd2 Na5 14. Qa4+ Bd7 15. Qc2 Ng4 16. Bxb6 axb6 17. d4 Nxc4 18. Nxc4 Qh4 19. Nf3 Qf6 20. dxe5 dxe5 21. Qd2 h4 22. Qg5 Qxg5 23. Nxg5 f6 24. Nh3 Nh6 25. a3 Nf7 26. Ne3 Bxh3 27. gxh3 Ng5 28. Nd5 Kf7 29. Re3 Rac8 30. Rd1 Rhg8 31. Kh2 Rg7 32. c4 Ne6 33. Rf3 Rg6 34. Rg1 Rcg8 35. Rxg6 Rxg6 36. b4 c6 37. Nxb6 Nf4 38. c5 Rg8 39. Nc4 Rd8 40. Nd6+ Ke6 41. Rc3 Rg8 42. Rc2 Rg2+ 43. Kh1 Rg8 44. Kh2 Rg2+ 45. Kh1 Rg7 46. Nc4 Nxh3 47. Rd2 Nf4 48. Rd6+ Ke7 49. Nb6 Ke8 50. Rxf6 h3 51. Rf5 Rg2 52. Rxe5+ Kd8 53. Rf5 Nd3 54. Nc4 Nxf2+ 55. Rxf2 Rxf2 56. Nd6 Ra2 57. Nxb7+ Kc7 58. Nd6 Rxa3 59. Kh2 Re3 60. Nf5 Rxe4 61. Kxh3 Rxb4 62. Ng3 Kd7 63. Kg2 Ke6 64. Kf3 1-0

[Event "Titled Tuesday intern op 12th Mar Late"]
[Site "Chess.com INT"]
[Date "2024.03.12"]
[Round "8"]
[White "McLaren, Brian"]
[Black "Nikolic, Radisa D"]
[Result "1/2-1/2"]
[WhiteElo "2001"]
[BlackElo "2219"]
[PlyCount "101"]
[EventDate "2024.03.12"]
[EventType "swiss (blitz)"]
[EventRounds "11"]
[EventCountry "USA"]
[SourceTitle "CB12_2024"]
[SourceDate "2023.10.01"]
[SourceVersion "1"]
[SourceVersionDate "2023.10.01"]
[SourceQuality "1"]

1. e4 c5 2. Nc3 Nc6 3. g3 g6 4. d3 Bg7 5. Bg2 e5 6. Nh3 Nf6 7. 0-0 d6 8. f4 exf4 9. Nxf4 0-0 10. h3 Bd7 11. Be3 a6 12. Qd2 Qc8 13. Kh2 Be6 14. Nxe6 fxe6 15. Bh6 Qd7 16. Ne2 Nh5 17. Bxg7 Qxg7 18. c3 Rxf1 19. Rxf1 Rf8 20. Rxf8+ Qxf8 21. Qe3 Ne5 22. b3 b5 23. d4 cxd4 24. cxd4 Nd7 25. Nf4 Nxf4 26. gxf4 e5 27. fxe5 dxe5 28. d5 Qf4+ 29. Qxf4 exf4 30. Kg1 Kf7 31. Kf2 Kf6 32. h4 Ke5 33. Bh3 Nc5 34. Bg2 h6 35. Bf3 g5 36. hxg5 hxg5 37. Kg2 Nd3 38. Kh3 Nc1 39. Kg4 Nxa2 40. Kxg5 Nc1 41. d6 Kxd6 42. Kxf4 Nxb3 43. e5+ Ke7 44. Bd5 Nc5 45. Ke3 Nd7 46. Kd4 a5 47. e6 Nf8 48. Kc5 Nxe6+ 49. Bxe6 Kxe6 50. Kxb5 a4 51. Kxa4 1/2-1/2

[Event "Titled Tuesday intern op 27th Feb Late"]
[Site "Chess.com INT"]
[Date "2024.02.27"]
[Round "3"]
[White "Bryakin, Mikhail"]
[Black "McLaren, Brian"]
[Result "0-1"]
[WhiteElo "2479"]
[BlackElo "2001"]
[PlyCount "150"]
[EventDate "2024.02.27"]
[EventType "swiss (blitz)"]
[EventRounds "11"]
[EventCountry "USA"]
[SourceTitle "CB10_2024"]
[SourceDate "2024.03.06"]
[SourceVersion "1"]
[SourceVersionDate "2024.03.06"]
[SourceQuality "1"]

1. e4 Nf6 2. e5 Nd5 3. d4 d6 4. c4 Nb6 5. exd6 exd6 6. Be2 Be7 7. Nc3 0-0 8. h3 Bf5 9. Nf3 c6 10. 0-0 Bf6 11. Bf4 d5 12. c5 Nc8 13. Qd2 Nd7 14. b4 h6 15. b5 Ne7 16. Rfe1 Re8 17. Bd3 Bxd3 18. Qxd3 Nf8 19. a4 Ne6 20. Be5 Ng6 21. Bxf6 Qxf6 22. g3 Rad8 23. Rab1 Re7 24. a5 Ng5 25. Nxg5 hxg5 26. a6 bxa6 27. bxa6 Rde8 28. Rxe7 Rxe7 29. Rb8+ Nf8 30. Rb7 g6 31. Kg2 Ne6 32. Rb8+ Kg7 33. Ne2 Nc7 34. Rb7 Nb5 35. Rxe7 Qxe7 36. Nc3 Nc7 37. Qb1 Nxa6 38. Qa2 Nb8 39. Qa4 Qb7 40. Nd1 Nd7 41. Ne3 Nf8 42. Qd1 Ne6 43. Ng4 Qb4 44. Qa1 a5 45. Qd1 a4 46. Ne5 Qxd4 47. Qe1 a3 48. Nxc6 Qxc5 49. Qe5+ Kg8 50. Qb8+ Nf8 51. Nd8 Qe7 52. Qc8 Qe4+ 53. Kh2 a2 54. Qa8 Qe2 55. Qa7 a1Q 56. Qxf7+ Kh8 57. Qxf8+ Kh7 58. Qf7+ Kh8 59. Qf8+ Kh7 60. Qf7+ Qg7 61. Qxd5 Qxf2+ 62. Qg2 Qxg2+ 63. Kxg2 Qb2+ 64. Kf3 Qc3+ 65. Kg4 Qd4+ 66. Kf3 Qxd8 67. Kg4 Kh6 68. h4 Qd7+ 69. Kf3 gxh4 70. Kg2 Kh5 71. Kh1 hxg3 72. Kg1 Kg4 73. Kf1 Qd2 74. Kg1 Qf2+ 75. Kh1 Qh2# 0-1

[Event "Titled Tuesday intern op 13th Feb Late"]
[Site "Chess.com INT"]
[Date "2024.02.13"]
[Round "6"]
[White "McLaren, Brian"]
[Black "Vila Dupla, Aurelio"]
[Result "1/2-1/2"]
[WhiteElo "2001"]
[BlackElo "2042"]
[PlyCount "89"]
[EventDate "2024.02.13"]
[EventType "swiss (blitz)"]
[EventRounds "11"]
[EventCountry "USA"]
[SourceTitle "CB08_2024"]
[SourceDate "2024.02.21"]
[SourceVersion "1"]
[SourceVersionDate "2024.02.21"]
[SourceQuality "1"]

1. e4 e6 2. d4 d5 3. exd5 exd5 4. Nf3 Bd6 5. c4 c6 6. Nc3 Ne7 7. Bg5 f6 8. Bh4 0-0 9. Be2 Ng6 10. Bg3 Nf4 11. c5 Bc7 12. 0-0 Nxe2+ 13. Qxe2 Bg4 14. Bxc7 Qxc7 15. b4 Nd7 16. h3 Bh5 17. Rfe1 Rfe8 18. Qd3 Bg6 19. Qd2 Nf8 20. a4 Ne6 21. b5 Nf4 22. Re3 Rxe3 23. fxe3 Nh5 24. a5 a6 25. b6 Qe7 26. Qf2 Re8 27. Re1 Be4 28. g4 Qf7 29. Nxe4 Rxe4 30. Nd2 Re8 31. gxh5 Qxh5 32. Qf3 Qg5+ 33. Kh1 Qg6 34. e4 Qh6 35. Re2 dxe4 36. Nxe4 Qc1+ 37. Kh2 Kh8 38. Nd6 Rxe2+ 39. Qxe2 Qf4+ 40. Kg2 h6 41. Nxb7 Qg5+ 42. Kh2 Qf4+ 43. Kg2 Qg5+ 44. Kf2 Qf4+ 45. Kg2 1/2-1/2

[Event "Titled Tuesday intern op 13th Feb Late"]
[Site "Chess.com INT"]
[Date "2024.02.13"]
[Round "8"]
[White "Shapiro, Daniel E"]
[Black "McLaren, Brian"]
[Result "0-1"]
[WhiteElo "2284"]
[BlackElo "2001"]
[PlyCount "74"]
[EventDate "2024.02.13"]
[EventType "swiss (blitz)"]
[EventRounds "11"]
[EventCountry "USA"]
[SourceTitle "CB08_2024"]
[SourceDate "2024.02.21"]
[SourceVersion "1"]
[SourceVersionDate "2024.02.21"]
[SourceQuality "1"]

1. d4 d5 2. c4 e6 3. Nf3 c6 4. Qc2 dxc4 5. Qxc4 Nf6 6. g3 b5 7. Qc2 Bb7 8. Nbd2 Nbd7 9. Nb3 Qb6 10. Bg2 c5 11. dxc5 Nxc5 12. Be3 Rc8 13. Rc1 Be4 14. Qc3 Nd5 15. Qd4 Nxe3 16. Qxe3 Bb7 17. 0-0 Be7 18. Nbd4 0-0 19. Ne5 Bxg2 20. Kxg2 Bf6 21. Ndf3 Na4 22. b3 Qxe3 23. fxe3 Nb6 24. Nc6 a6 25. e4 Rfe8 26. Rfd1 h6 27. e5 Bg5 28. Nxg5 hxg5 29. e4 Kh7 30. Nb4 Ra8 31. Rc6 a5 32. Rxb6 axb4 33. Rd2 Reb8 34. Rxb8 Rxb8 35. Kf2 Kg6 36. Ke3 Rc8 37. Rd6 Rc2 0-1

[Event "Titled Tuesday intern op 06th Feb Late"]
[Site "Chess.com INT"]
[Date "2024.02.06"]
[Round "1"]
[White "McLaren, Brian"]
[Black "Maze, Sebastien"]
[Result "1-0"]
[WhiteElo "2001"]
[BlackElo "2551"]
[PlyCount "87"]
[EventDate "2024.02.06"]
[EventType "swiss (blitz)"]
[EventRounds "11"]
[EventCountry "USA"]
[SourceTitle "CB07_2024"]
[SourceDate "2024.02.14"]
[SourceVersion "1"]
[SourceVersionDate "2024.02.14"]
[SourceQuality "1"]

1. e4 c5 2. Nc3 Nc6 3. g3 h5 4. h3 g6 5. Bg2 Bg7 6. d3 d6 7. Nge2 Rb8 8. Be3 b5 9. Qd2 b4 10. Nd1 a5 11. 0-0 Nf6 12. f4 h4 13. g4 Qb6 14. f5 Ba6 15. Nf4 gxf5 16. exf5 Nd7 17. Nd5 Qd8 18. Qe2 Nd4 19. Qf2 Ne5 20. Kh1 e6 21. fxe6 fxe6 22. Nf4 Rf8 23. Qd2 Kd7 24. Nf2 Ndf3 25. Qe2 Bb7 26. Ne4 Bxe4 27. dxe4 Nd4 28. Qd2 Qb6 29. b3 Nb5 30. Rad1 Nd4 31. Nd3 Nxd3 32. Qxd3 Be5 33. Bg5 Kc6 34. Bxh4 Rh8 35. Bg3 Bxg3 36. Qxg3 e5 37. Rf6 Qc7 38. Rdf1 Qe7 39. Qd3 Qh7 40. Qa6+ Rb6 41. Rxd6+ Kxd6 42. Qxb6+ Nc6 43. Rd1+ Ke7 44. Qxc6 1-0

[Event "Titled Tuesday intern op 06th Feb Late"]
[Site "Chess.com INT"]
[Date "2024.02.06"]
[Round "2"]
[White "McLaren, Brian"]
[Black "Riff, Vincent"]
[Result "0-1"]
[WhiteElo "2001"]
[BlackElo "2367"]
[PlyCount "94"]
[EventDate "2024.02.06"]
[EventType "swiss (blitz)"]
[EventRounds "11"]
[EventCountry "USA"]
[SourceTitle "CB07_2024"]
[SourceDate "2024.02.14"]
[SourceVersion "1"]
[SourceVersionDate "2024.02.14"]
[SourceQuality "1"]

1. e4 c5 2. Nc3 Nc6 3. g3 g6 4. Bg2 Bg7 5. d3 d6 6. Nge2 Rb8 7. 0-0 b5 8. a3 h5 9. h3 Nd4 10. Be3 e5 11. f4 exf4 12. Nxf4 Ne7 13. Qd2 0-0 14. Ncd5 Nxd5 15. Nxd5 Be6 16. Bg5 f6 17. Bh6 Bxd5 18. Bxg7 Kxg7 19. exd5 Re8 20. Rae1 Qd7 21. c3 Nf5 22. Qf4 Rxe1 23. Rxe1 Re8 24. Re4 Re5 25. Kh2 h4 26. gxh4 Ne7 27. Rxe5 fxe5 28. Qg4 Qf5 29. Be4 Qf2+ 30. Qg2 Qf4+ 31. Qg3 Kf6 32. Kg2 Qxg3+ 33. Kxg3 Nc8 34. Kg4 Nb6 35. h5 gxh5+ 36. Kxh5 Na4 37. Kg4 Nxb2 38. h4 Nd1 39. h5 Nxc3 40. h6 Nxe4 41. dxe4 Kg6 42. h7 Kxh7 43. Kf5 c4 44. Ke6 c3 45. Kxd6 c2 46. Ke7 c1Q 47. d6 Qxa3 0-1

[Event "Titled Tuesday intern op 06th Feb Late"]
[Site "Chess.com INT"]
[Date "2024.02.06"]
[Round "5"]
[White "McLaren, Brian"]
[Black "Thake, Conrad"]
[Result "1-0"]
[WhiteElo "2001"]
[BlackElo "1745"]
[PlyCount "69"]
[EventDate "2024.02.06"]
[EventType "swiss (blitz)"]
[EventRounds "11"]
[EventCountry "USA"]
[SourceTitle "CB07_2024"]
[SourceDate "2024.02.14"]
[SourceVersion "1"]
[SourceVersionDate "2024.02.14"]
[SourceQuality "1"]

1. e4 e6 2. d4 d5 3. exd5 exd5 4. Nf3 Nf6 5. Bd3 Nc6 6. 0-0 Be6 7. Bg5 Be7 8. c3 Qd7 9. Nbd2 h6 10. Bf4 g5 11. Ne5 Nxe5 12. Bxe5 0-0-0 13. b4 Rhg8 14. a4 Ne4 15. Nxe4 dxe4 16. Bxe4 f5 17. Bc2 Bc4 18. Re1 f4 19. Bb3 Bxb3 20. Qxb3 Rdf8 21. b5 Qg4 22. Qc4 Bd8 23. f3 Qd7 24. a5 g4 25. Rf1 g3 26. h3 Rg6 27. Qc5 Qe7 28. Qxa7 Kd7 29. Rae1 Qa3 30. b6 Rc6 31. Qxb7 Qxc3 32. bxc7 Bxc7 33. a6 Rb8 34. Qa7 Qa5 35. d5 1-0

[Event "Titled Tuesday intern op 06th Feb Late"]
[Site "Chess.com INT"]
[Date "2024.02.06"]
[Round "4"]
[White "Olsson, William"]
[Black "McLaren, Brian"]
[Result "1-0"]
[WhiteElo "2373"]
[BlackElo "2001"]
[PlyCount "119"]
[EventDate "2024.02.06"]
[EventType "swiss (blitz)"]
[EventRounds "11"]
[EventCountry "USA"]
[SourceTitle "CB07_2024"]
[SourceDate "2024.02.14"]
[SourceVersion "1"]
[SourceVersionDate "2024.02.14"]
[SourceQuality "1"]

1. c4 c5 2. g3 Nf6 3. Bg2 e6 4. Nc3 d5 5. cxd5 exd5 6. Nf3 d4 7. Nb1 Nc6 8. 0-0 Be7 9. d3 0-0 10. Bf4 Be6 11. Nbd2 h6 12. a4 Qd7 13. Re1 Nd5 14. Ne5 Nxe5 15. Bxe5 f6 16. Bf4 Nxf4 17. gxf4 Bd6 18. e3 Rad8 19. Qf3 b6 20. e4 Qc7 21. f5 Bxh2+ 22. Kh1 Bf7 23. Qg4 Bf4 24. Nf3 Rfe8 25. Rg1 Bb3 26. Ra3 Bf7 27. Bf1 Bg5 28. Nxg5 hxg5 29. Be2 Kf8 30. Raa1 Ke7 31. Kg2 Rh8 32. Rh1 Bb3 33. a5 b5 34. Rac1 c4 35. Rh5 Rc8 36. e5 Qxe5 37. Bf3 Kf7 38. Rch1 Rxh5 39. Qxh5+ Ke7 40. Qg6 Rg8 41. Rh7 cxd3 42. Rxg7+ Rxg7 43. Qxg7+ Bf7 44. Qh7 d2 45. Qh8 Qf4 46. Qa8 g4 47. Qxa7+ Kf8 48. Bd1 Bc4 49. Qc5+ Kg7 50. Qe7+ Bf7 51. a6 Qb8 52. a7 Qa8+ 53. Kg3 Qh1 54. Bxg4 d1Q 55. Bxd1 Qxd1 56. a8Q Qd3+ 57. Qf3 Qc4 58. Qg4+ Kh8 59. Qf8+ Kh7 60. Qfg7# 1-0

[Event "Titled Tuesday intern op 23rd Jan Late"]
[Site "Chess.com INT"]
[Date "2024.01.23"]
[Round "11"]
[White "Garrido Outon, Alex"]
[Black "McLaren, Brian"]
[Result "0-1"]
[WhiteElo "2406"]
[BlackElo "2001"]
[PlyCount "82"]
[EventDate "2024.01.23"]
[EventType "swiss (blitz)"]
[EventRounds "11"]
[EventCountry "USA"]
[SourceTitle "CB05_2024"]
[SourceDate "2024.01.31"]
[SourceVersion "1"]
[SourceVersionDate "2024.01.31"]
[SourceQuality "1"]

1. Nf3 d5 2. b3 f6 3. Bb2 e5 4. d4 e4 5. Nfd2 c6 6. c4 Be6 7. e3 f5 8. Nc3 Nf6 9. Be2 Bd6 10. Qc2 Nbd7 11. cxd5 cxd5 12. Nb5 Bb8 13. Rc1 0-0 14. Nc7 Bxc7 15. Qxc7 Qe8 16. Qa5 Qg6 17. g3 b6 18. Qa6 h5 19. h4 Ng4 20. Rc6 Qf7 21. Ba3 Rfe8 22. Bd6 Ndf6 23. 0-0 Bc8 24. Qa3 Bd7 25. Rc7 Qe6 26. Rfc1 a5 27. Rb7 b5 28. Bf4 b4 29. Qb2 Rec8 30. Rcc7 Rxc7 31. Rxc7 Rc8 32. Rxc8+ Bxc8 33. Qc2 Ba6 34. Bxa6 Qxa6 35. Nf1 Kh7 36. Be5 Kg6 37. Bxf6 Nxf6 38. Nh2 Qb5 39. Qc1 Qe2 40. Kg2 Qxa2 41. Qd1 Qb2 0-1

[Event "Titled Tuesday intern op 23rd Jan Late"]
[Site "Chess.com INT"]
[Date "2024.01.23"]
[Round "10"]
[White "McLaren, Brian"]
[Black "Garcia Molina, Jose"]
[Result "0-1"]
[WhiteElo "2001"]
[BlackElo "2190"]
[PlyCount "112"]
[EventDate "2024.01.23"]
[EventType "swiss (blitz)"]
[EventRounds "11"]
[EventCountry "USA"]
[SourceTitle "CB05_2024"]
[SourceDate "2024.01.31"]
[SourceVersion "1"]
[SourceVersionDate "2024.01.31"]
[SourceQuality "1"]

1. e4 c6 2. d4 d5 3. exd5 cxd5 4. Bd3 Nc6 5. c3 Qc7 6. h3 Nf6 7. Nf3 e6 8. 0-0 Bd6 9. Re1 0-0 10. Nbd2 Ne7 11. Nf1 Ng6 12. Bg5 Nd7 13. Qc2 a6 14. a4 Rb8 15. h4 h6 16. h5 Nf4 17. Bxf4 Bxf4 18. g3 Bd6 19. N1h2 e5 20. dxe5 Nxe5 21. Nxe5 Bxe5 22. Nf3 Bd6 23. Nd4 Bg4 24. Be2 Bd7 25. Bf3 Bc6 26. Re2 Qd7 27. Kg2 Rbc8 28. a5 Bc5 29. Qd2 Rfe8 30. Rae1 Rxe2 31. Rxe2 Re8 32. Rxe8+ Qxe8 33. Nf5 Qe5 34. Nd4 Bd7 35. Qe3 Qd6 36. b4 Ba7 37. Nf5 Bxe3 38. Nxd6 Bd2 39. Nxb7 Bxc3 40. Nc5 Bb5 41. Bxd5 Bxb4 42. Nb3 Kf8 43. Kf3 Ke7 44. Ke4 f6 45. Kd4 Be1 46. Ke3 Kd6 47. Bb7 Bb4 48. f3 Bc4 49. Nd2 Bf7 50. Bxa6 Bxa5 51. g4 Bb6+ 52. Ke2 Ke5 53. Bd3 Kf4 54. Nf1 Bd5 55. Nh2 Bg1 56. Nf1 Bxf3+ 0-1

[Event "Titled Tuesday intern op 23rd Jan Late"]
[Site "Chess.com INT"]
[Date "2024.01.23"]
[Round "7"]
[White "McLaren, Brian"]
[Black "Vargas, Mauricio"]
[Result "1-0"]
[WhiteElo "2001"]
[BlackElo "1958"]
[PlyCount "59"]
[EventDate "2024.01.23"]
[EventType "swiss (blitz)"]
[EventRounds "11"]
[EventCountry "USA"]
[SourceTitle "CB05_2024"]
[SourceDate "2024.01.31"]
[SourceVersion "1"]
[SourceVersionDate "2024.01.31"]
[SourceQuality "1"]

1. e4 d5 2. exd5 Qxd5 3. Qf3 Qa5 4. Nc3 Nf6 5. Bc4 Bg4 6. Qxb7 Qe5+ 7. Nge2 Nfd7 8. Qxa8 e6 9. Qe4 Qh5 10. Ng3 Qg6 11. Qxg6 hxg6 12. f3 Bf5 13. Nxf5 gxf5 14. d4 Nb6 15. Bb3 Bd6 16. h3 Bg3+ 17. Ke2 a5 18. Be3 Nc6 19. a3 0-0 20. f4 Nd7 21. d5 exd5 22. Nxd5 Re8 23. Kf3 Bh4 24. g4 fxg4+ 25. hxg4 Bf6 26. Rh5 Bxb2 27. Rah1 g6 28. Rg5 Bg7 29. Nxc7 Rc8 30. Nd5 1-0

[Event "Titled Tuesday intern op 23rd Jan Late"]
[Site "Chess.com INT"]
[Date "2024.01.23"]
[Round "5"]
[White "McLaren, Brian"]
[Black "Viana, Valeria"]
[Result "1-0"]
[WhiteElo "2001"]
[BlackElo "1792"]
[PlyCount "167"]
[EventDate "2024.01.23"]
[EventType "swiss (blitz)"]
[EventRounds "11"]
[EventCountry "USA"]
[SourceTitle "CB05_2024"]
[SourceDate "2024.01.31"]
[SourceVersion "1"]
[SourceVersionDate "2024.01.31"]
[SourceQuality "1"]

1. e4 c6 2. d4 d5 3. exd5 cxd5 4. Bd3 Nf6 5. h3 Nc6 6. c3 g6 7. Nf3 Bg7 8. 0-0 0-0 9. Re1 e6 10. Bf4 a6 11. Nbd2 b5 12. Nb3 Na5 13. Nc5 Nc4 14. Qe2 Nd7 15. Nxd7 Bxd7 16. b3 Na5 17. Be5 Nc6 18. Bxg7 Kxg7 19. Rac1 Qf6 20. Ne5 Rfd8 21. Qe3 Rac8 22. Ng4 Qe7 23. Qh6+ Kg8 24. Re3 Nxd4 25. Rg3 Nf5 26. Bxf5 exf5 27. Nh2 d4 28. cxd4 Rxc1+ 29. Qxc1 Rc8 30. Qd2 Qa3 31. Nf3 Qc1+ 32. Qxc1 Rxc1+ 33. Kh2 Rc2 34. Ne5 Be6 35. Rd3 Bd5 36. Nd7 Kg7 37. Kg3 Rxa2 38. Nc5 a5 39. f3 a4 40. bxa4 bxa4 41. Kf4 Kf6 42. h4 h6 43. Nd7+ Ke7 44. Nb6 Be6 45. d5 Bd7 46. d6+ Kd8 47. g4 fxg4 48. fxg4 Rf2+ 49. Ke5 Re2+ 50. Kf6 Re6+ 51. Kxf7 Re4 52. g5 hxg5 53. hxg5 Rb4 54. Nxa4 Rxa4 55. Kxg6 Rf4 56. Rd5 Be8+ 57. Kg7 Kd7 58. Re5 Kxd6 59. Rxe8 Kd7 60. Re3 Kd6 61. g6 Rg4 62. Kf6 Rf4+ 63. Kg5 Rf1 64. g7 Rg1+ 65. Kf6 Rf1+ 66. Kg6 Rg1+ 67. Kf7 Rf1+ 68. Kg8 Rg1 69. Re4 Kd5 70. Re8 Kd6 71. Kh7 Rh1+ 72. Kg6 Rg1+ 73. Kf6 Rf1+ 74. Kg6 Rg1+ 75. Kf7 Rf1+ 76. Kg8 Rg1 77. Re3 Kd5 78. Kf7 Rf1+ 79. Ke7 Rg1 80. Kf6 Rf1+ 81. Kg6 Rg1+ 82. Kh7 Rh1+ 83. Kg8 Rg1 84. Re2 1-0

[Event "Titled Tuesday intern op 23rd Jan Late"]
[Site "Chess.com INT"]
[Date "2024.01.23"]
[Round "4"]
[White "Novikova, Galina"]
[Black "McLaren, Brian"]
[Result "1-0"]
[WhiteElo "2073"]
[BlackElo "2001"]
[PlyCount "105"]
[EventDate "2024.01.23"]
[EventType "swiss (blitz)"]
[EventRounds "11"]
[EventCountry "USA"]
[SourceTitle "CB05_2024"]
[SourceDate "2024.01.31"]
[SourceVersion "1"]
[SourceVersionDate "2024.01.31"]
[SourceQuality "1"]

1. e4 Nf6 2. e5 Nd5 3. d4 d6 4. Bc4 c6 5. exd6 Qxd6 6. Nf3 Bg4 7. 0-0 e6 8. Nbd2 Be7 9. Ne4 Qc7 10. a3 Nd7 11. Bd3 0-0 12. c4 Nf4 13. Bc2 Rad8 14. Be3 Nf6 15. Ng3 c5 16. Qd2 Nh3+ 17. gxh3 Bxf3 18. Bf4 Qb6 19. Be5 g6 20. Bxf6 Bxf6 21. Qf4 Bxd4 22. Qxf3 Qxb2 23. Be4 b6 24. Rab1 Qd2 25. h4 f5 26. Bc6 Qh6 27. h5 f4 28. Ne4 Qxh5 29. Qxh5 gxh5 30. Kh1 Kg7 31. Rg1+ Kh6 32. Ng5 Rf6 33. Ne4 Rg6 34. Rxg6+ hxg6 35. Kg2 g5 36. Kf3 Kg6 37. a4 Kf5 38. a5 g4+ 39. Ke2 Rd6 40. Bb7 Rd7 41. a6 Rg7 42. Nd6+ Ke5 43. Nb5 h4 44. Nxa7 g3 45. fxg3 hxg3 46. hxg3 fxg3 47. Nc6+ Ke4 48. Nxd4+ Kxd4 49. a7 Rg8 50. a8Q Rxa8 51. Bxa8 Kxc4 52. Rxb6 e5 53. Rg6 1-0

[Event "Titled Tuesday intern op 16th Jan Late"]
[Site "Chess.com INT"]
[Date "2024.01.16"]
[Round "3"]
[White "Ingunza Curro, Andres"]
[Black "McLaren, Brian"]
[Result "1-0"]
[WhiteElo "2311"]
[BlackElo "2001"]
[PlyCount "63"]
[EventDate "2024.01.16"]
[EventType "swiss (blitz)"]
[EventRounds "11"]
[EventCountry "USA"]
[SourceTitle "CB04_2024"]
[SourceDate "2023.10.16"]
[SourceVersion "1"]
[SourceVersionDate "2023.10.16"]
[SourceQuality "1"]

1. e4 Nf6 2. e5 Nd5 3. d4 d6 4. c4 Nb6 5. exd6 exd6 6. Nc3 Be7 7. Bd3 0-0 8. Nge2 Bg4 9. 0-0 c6 10. h3 Bh5 11. Qc2 Bg6 12. Nf4 Bxd3 13. Qxd3 d5 14. c5 Nc8 15. Re1 Bf6 16. Nh5 Nd7 17. Bf4 Ne7 18. Bd6 Re8 19. Re2 Ng6 20. Rae1 Rxe2 21. Rxe2 Ndf8 22. f4 Be7 23. Bxe7 Nxe7 24. f5 Nd7 25. Re3 Kh8 26. Ne2 Ng8 27. Rg3 g6 28. Nhf4 Qf6 29. fxg6 fxg6 30. Rf3 Re8 31. Nxd5 Qg7 32. Ndf4 1-0

[Event "Titled Tuesday intern op 16th Jan Late"]
[Site "Chess.com INT"]
[Date "2024.01.16"]
[Round "4"]
[White "McLaren, Brian"]
[Black "Smirnov, Timofey"]
[Result "1-0"]
[WhiteElo "2001"]
[BlackElo "2368"]
[PlyCount "73"]
[EventDate "2024.01.16"]
[EventType "swiss (blitz)"]
[EventRounds "11"]
[EventCountry "USA"]
[SourceTitle "CB04_2024"]
[SourceDate "2023.10.16"]
[SourceVersion "1"]
[SourceVersionDate "2023.10.16"]
[SourceQuality "1"]

1. e4 e5 2. Bc4 Nf6 3. d3 Nc6 4. Nf3 Bc5 5. 0-0 d6 6. h3 h6 7. c3 a6 8. Nbd2 0-0 9. a4 a5 10. Nb3 Ba7 11. Re1 Be6 12. Bb5 Ne7 13. Be3 Bxe3 14. fxe3 c6 15. Bc4 Bxc4 16. dxc4 Nxe4 17. c5 Ng6 18. Qd3 d5 19. Rad1 Nf6 20. Qc2 Qe7 21. Qf2 Ne4 22. Qc2 Nxc5 23. c4 Nxb3 24. Qxb3 dxc4 25. Qxc4 Qb4 26. Qc2 Rad8 27. b3 e4 28. Nd4 Ne5 29. Rf1 Nd3 30. Qe2 Qd6 31. Nf5 Qg6 32. Ne7+ Kh8 33. Nxg6+ fxg6 34. Qg4 g5 35. Qxe4 Rxf1+ 36. Rxf1 Nc5 37. Qe7 1-0

[Event "Titled Tuesday intern op 08th Aug Early"]
[Site "Chess.com INT"]
[Date "2023.08.08"]
[Round "5"]
[White "Lakshmi, Chidambaram"]
[Black "McLaren, Brian"]
[Result "0-1"]
[WhiteElo "1928"]
[BlackElo "1996"]
[PlyCount "68"]
[EventDate "2023.08.08"]
[EventType "swiss (blitz)"]
[EventRounds "11"]
[EventCountry "USA"]
[SourceTitle "EXT 2024"]
[Source "ChessBase"]
[SourceDate "2023.10.10"]
[SourceVersion "1"]
[SourceVersionDate "2023.10.10"]
[SourceQuality "1"]

1. e4 g6 2. d4 Bg7 3. Nf3 d6 4. c3 Nd7 5. Be2 e5 6. 0-0 Ne7 7. Qc2 0-0 8. Nbd2 c6 9. Nc4 Qc7 10. b3 Nb6 11. Ba3 Nxc4 12. Bxc4 Bg4 13. dxe5 dxe5 14. Qe2 Rfe8 15. h3 Bxf3 16. Qxf3 Rf8 17. Rfd1 h6 18. Bd6 Qd8 19. Bxe5 Qe8 20. Bxg7 Kxg7 21. e5 Ng8 22. Qf4 Qe7 23. Rd6 Rae8 24. e6 fxe6 25. Qe5+ Qf6 26. Rd7+ Rf7 27. Rxf7+ Kxf7 28. Qc7+ Re7 29. Qg3 h5 30. Re1 Nh6 31. Qd6 Nf5 32. Qb4 b6 33. Bd3 c5 34. Qc4 Nd6 0-1